000 00520nam a22001697a 4500
999 _c9143
_d9143
008 210325b ||||| |||| 00| 0 eng d
040 _aBMS College of Architecture
100 _aGill, Natasha
245 _aCity Hub revitalization the of racecourse site
300 _a74p.
500 _a1BM05AT026
502 _8B.Arch
_NBMS College of Architecture, Visvesvaraya Technological University
_aProject report
_d2010
650 _aCity Hub
700 _aK Manjula
_eGuide
700 _aPushpa D
_eGuide
942 _2ddc
_cTHE